Obra suspendida y otros cuentos

Uloženo v:
Podrobná bibliografie
Hlavní autor: Waugh, Evelyn (Autor)
Médium: Kniha
Jazyk:španělština
Vydáno: Buenos Aires Emecé Editores S. A 1952
Vydání:1a. ed
Edice:Grandes Novelistas
Témata:
Tagy: Přidat tag
Žádné tagy, Buďte první, kdo vytvoří štítek k tomuto záznamu!

MARC

LEADER 00000cam a2200000 a 4500
001 UCE2449
003 CL-VaPUC
008 140703e19520000ag |||||||||||||||||spa|d
082 0 4 |a 823  |b WAU  |2 21 
100 0 |a Waugh, Evelyn  |e author  |9 348878 
245 1 0 |a Obra suspendida y otros cuentos 
250 |a 1a. ed 
300 |a 218 p 
942 |c BK 
945 |d 20140703 14:09:00  |a dcastane 
260 |a Buenos Aires  |b Emecé Editores S. A  |c 1952 
650 0 |a Novelas inglesas  |9 265220 
650 0 |a Literatura inglesa  |9 312907 
583 |a last modification  |c 20140703 14:09:00  |k Rodrigo Vera 
490 0 |a Grandes Novelistas 
999 |c 356050  |d 356048 
952 |0 0  |1 0  |3 erb  |4 0  |6 823_000000000000000_WAU_1952  |7 0  |8 A  |9 463125  |a BIBEDU  |b BIBEDU  |i 5048028  |o 823 WAU 1952  |p 5048028  |r 2019-11-23  |w 2019-11-23  |y BK  |z Catalogado en:20140703  |k LIT